| 000 | 00767nas a2200241 4500 | ||
|---|---|---|---|
| 001 | BR2012006011 | ||
| 003 | BR-BrBNA | ||
| 005 | 20231205120944.0 | ||
| 007 | ta | ||
| 008 | 230509b bl.|||p| |||| 00| 00por d | ||
| 040 |
_aBR-BrBNA _bpor _cBiblioteca Nacional de Agricultura |
||
| 041 | _a(Pt) | ||
| 072 | _aF70 | ||
| 100 | 1 | _aIrgang, B.E. | |
| 245 | 1 | _aLista preliminar das espécies do gênero Eryngium L. (Umbelliferae)encontradas no Estado do Rio Grande do Sul | |
| 650 | _aHERBÁRIO | ||
| 650 | _aUMBELLIFERAE | ||
| 650 | _aDICOTILEDÔNEA | ||
| 650 | _aRIO GRANDE DO SUL | ||
| 773 | 0 |
_tIheringia. Série Botânica (Brazil) _xISSN 0073-4705 _g(Nov 1973), v. 18 p. 76-79 _wBR2012006011 |
|
| 909 |
_a202311 _bLúcia _c55 _dLúcia Elande |
||
| 942 |
_2AGRIS _n0 _cANA |
||
| 999 |
_c221168 _d221168 |
||